| 000 | 01908nam a2200433 i 4500 | ||
|---|---|---|---|
| 001 | ELB86294 | ||
| 003 | FlNmELB | ||
| 006 | m o d | | ||
| 007 | cr cnu|||||||| | ||
| 008 | 140901s2009 cl ob 001 0 spa d | ||
| 035 | _a(MiAaPQ)EBC3220978 | ||
| 035 | _a(Au-PeEL)EBL3220978 | ||
| 035 | _a(CaPaEBR)ebr10877535 | ||
| 035 | _a(OCoLC)992079554 | ||
| 040 |
_aFINmELB _bspa _erda _cFINmELB |
||
| 050 | 4 |
_aRC514 _bO668 2009 |
|
| 080 | _a616.89 | ||
| 082 | 0 |
_a616.8982 _223 |
|
| 100 | 1 | _aOrellana Vidal, Gricel Paulina. | |
| 245 | 1 | 0 |
_aConductas disejecutivas en primer episodio de esquizofrenia : _brol de la atención ejecutiva y de la autorregulación estratégica / _cGricel Paulina Orellana Vidal ; directoras Andrea Slachevsky, Marcela Peña. |
| 264 | 1 |
_aSantiago : _bUniversidad de Chile, _c2009. |
|
| 300 | _a1 recurso en línea (136 páginas) | ||
| 336 |
_atexto _btxt _2rdacontent/spa |
||
| 337 |
_acomputadora _bc _2rdamedia/spa |
||
| 338 |
_arecurso en línea _bcr _2rdacarrier/spa |
||
| 500 | _aContiene índice. | ||
| 502 | _aTesis (doctorado)--Universidad de Chile, Santiago, 2009. | ||
| 504 | _aContiene bibliografía. | ||
| 520 | _aEstudia las conductas disejecutivas en primer episodio de esqueuizofreniay el papel de la atención ejecutiva y de la autorregulación estratégica. | ||
| 588 | _aDescripción basada en recurso en línea; Título de la página del título en PDF (e-libro, visto August 1, 2014). | ||
| 590 | _aRecurso electrónico. Santa Fe, Arg.: e-libro, 2015. Disponible vía World Wide Web. El acceso puede estar limitado para las bibliotecas afiliadas a e-libro. | ||
| 650 | 0 | _aSchizophrenia. | |
| 650 | 4 | _aEnfermedad mental. | |
| 655 | 4 | _aLibros electrónicos. | |
| 700 | 1 |
_aSlachevsky, Andrea, _edirectora. |
|
| 700 | 1 |
_aPeña, Marcela, _edirectora. |
|
| 797 | 2 | _ae-libro, Corp. | |
| 856 | 4 | 0 | _uhttps://elibro.net/ereader/usam/86294 |
| 999 |
_c149124 _d149124 |
||